000 00666nam a2200205 a 4500
001 000022218
005 20200930011633.0
008 100920s2000 sp ac 000 0 spa d
020 _a8475560369
040 _aDO-SdBNP
_bspa
_cBNPHU
082 _a928.1
_bP281l
100 1 _aPascual, Arturo Marcelo
_945953
245 1 3 _aEl lector de... Ernest Hemingway /
_cArturo Marcelo Pascual.
260 _aBarcelona :
_bOceano,
_c2000.
300 _a155 p. :
_bil. ; retrs. ;
_c21 cm.
504 _aBibliografías : p. 141-145
600 1 4 _aHEMINGWAY, ERNEST,
_d1899-1961
_99091
600 1 4 _aHEMINGWAY, ERNEST,
_d1899-1961
_xCRÍTICA E INTERPRETACIÓN
_945954
049 _aBNPD
999 _c21716
_d21716